000 00316 a2200109 4500
001 ART_42542
005 20260410161807.0
008 260409a
245 1 0 _aDue Diligence para abogados
100 1 _aPapa, Rodolfo G.
773 0 _tDoctrina Societaria y Concursal
_g- NÂș 275 (oct. 2010)
_wREV4298
999 _c21149
_d21149